00320nam a22001097a 4500082002100000100002400021245008300045260004300128300001100171563000800182650002000190 a343.5491099bMUS aMushtaq, Mian Imran aThe Pakistan Telecommunication, Media & Cyber Crime Laws /cMian Imran Mushtaq aLahore :bIrfan Law Book House,c2023. a495 p. aHB. aLaw, cyber law,